[Event "Sibiria Region-chT"]
[Site "Kemerovo"]
[Date "2007.12.07"]
[Round "1"]
[White "Turushev, Alexei"]
[Black "Davidov, Roman"]
[Result "0-1"]
[WhiteElo "2272"]
[BlackElo "2236"]
[PlyCount "58"]
[EventDate "2007.12.07"]
[EventType "team"]
[EventRounds "7"]
[EventCountry "RUS"]
[SourceTitle "CBM 122 Extra"]
[Source "ChessBase"]
[SourceDate "2008.03.04"]
[SourceVersion "1"]
[SourceVersionDate "2008.03.04"]
[SourceQuality "1"]

1. d4 Nf6 2. Nf3 c5 3. c3 cxd4 4. cxd4 d5 5. Nc3 Nc6 6. Bg5 e6 7. e3 Be7 8. Bd3 h6 9. Bh4 Qb6 10. 0-0 0-0 11. Na4 Qd8 12. Rc1 Bd7 13. Nc5 Bc8 14. Bb5 Na5 15. b4 Nc4 16. Bxc4 dxc4 17. Ne5 Nd5 18. Bxe7 Qxe7 19. Rxc4 b6 20. Nc6 Qc7 21. Nd3 Ba6 22. Rc1 Qd6 23. a3 Rfc8 24. Nce5 Rxc1 25. Qxc1 Rc8 26. Qd2 f6 27. e4 fxe5 28. dxe5 Qd8 29. Rd1 Nc3 0-1

[Event "RUS-ch U26"]
[Site "Novokuznetsk"]
[Date "2007.10.30"]
[Round "9"]
[White "Smirnov, Pavel"]
[Black "Davidov, Roman"]
[Result "1/2-1/2"]
[WhiteElo "2636"]
[BlackElo "2236"]
[PlyCount "86"]
[EventDate "2007.10.22"]
[EventType "swiss"]
[EventRounds "9"]
[EventCountry "RUS"]
[SourceTitle "EXT 2009"]
[Source "ChessBase"]
[SourceDate "2008.11.26"]
[SourceVersion "1"]
[SourceVersionDate "2008.11.26"]
[SourceQuality "1"]

1. e4 c5 2. Nf3 e6 3. d4 cxd4 4. Nxd4 Nf6 5. Nc3 Nc6 6. Nxc6 bxc6 7. e5 Nd5 8. Ne4 Qc7 9. f4 Qb6 10. c4 Bb4+ 11. Ke2 Ba6 12. Kf3 f5 13. Nf2 Ne7 14. Be3 Bc5 15. Bxc5 Qxc5 16. Qd6 Qxd6 17. exd6 Ng6 18. c5 Bxf1 19. Rhxf1 Rb8 20. Nd3 Kf7 21. b4 Kf6 22. a3 h5 23. g3 Rb7 24. h4 Rhb8 25. Rab1 a5 26. Rfe1 axb4 27. Rxb4 Rxb4 28. axb4 Ra8 29. Ke3 e5 30. fxe5+ Nxe5 31. Nxe5 Kxe5 32. Kf2+ Kd5 33. Re7 Kc4 34. Rxd7 Kxb4 35. Rxg7 Kxc5 36. d7 Kd6 37. Rh7 Rd8 38. Rxh5 Ke6 39. Rh7 Rxd7 40. Rxd7 Kxd7 41. Ke3 Ke6 42. Kd4 Kf6 43. Kc5 Ke5 1/2-1/2

[Event "RUS-ch U26"]
[Site "Novokuznetsk"]
[Date "2007.10.27"]
[Round "6"]
[White "Lushenkov, Mikhail M"]
[Black "Davidov, Roman"]
[Result "0-1"]
[WhiteElo "2460"]
[BlackElo "2236"]
[PlyCount "98"]
[EventDate "2007.10.22"]
[EventType "swiss"]
[EventRounds "9"]
[EventCountry "RUS"]
[SourceTitle "EXT 2009"]
[Source "ChessBase"]
[SourceDate "2008.11.26"]
[SourceVersion "1"]
[SourceVersionDate "2008.11.26"]
[SourceQuality "1"]

1. Nf3 c5 2. c4 g6 3. d4 cxd4 4. Nxd4 Bg7 5. e4 Nc6 6. Nc2 Nf6 7. Nc3 0-0 8. Be2 d6 9. 0-0 Nd7 10. Bd2 Nc5 11. b4 Ne6 12. Rc1 Ned4 13. Nxd4 Nxd4 14. Be3 Nxe2+ 15. Qxe2 Be6 16. Rfd1 Rc8 17. c5 a5 18. Nb5 axb4 19. cxd6 Rxc1 20. Bxc1 exd6 21. Bb2 Qa5 22. Bxg7 Kxg7 23. Qb2+ f6 24. Nxd6 Bxa2 25. Nxb7 Qa3 26. Qd4 b3 27. Qc3 Qe7 28. Na5 Rd8 29. Re1 Qe5 30. Qb4 Rb8 31. Qd2 b2 32. Nc6 b1Q 33. Nxe5 fxe5 34. Kf1 Bc4+ 35. Kg1 Bd3 36. h4 Qxe1+ 37. Qxe1 Rb1 38. Qxb1 Bxb1 39. f3 h6 40. Kf2 Kf6 41. Ke3 Ke6 42. g3 g5 43. Kd2 g4 44. fxg4 Bxe4 45. Ke3 Bh7 46. Kf3 Kd5 47. Ke3 Bg6 48. h5 Bh7 49. Kf3 Kd4 0-1

[Event "RUS-ch U26"]
[Site "Novokuznetsk"]
[Date "2007.10.23"]
[Round "2"]
[White "Kljucharev, Sergey"]
[Black "Davidov, Roman"]
[Result "0-1"]
[WhiteElo "2349"]
[BlackElo "2236"]
[PlyCount "117"]
[EventDate "2007.10.22"]
[EventType "swiss"]
[EventRounds "9"]
[EventCountry "RUS"]
[SourceTitle "EXT 2009"]
[Source "ChessBase"]
[SourceDate "2008.11.26"]
[SourceVersion "1"]
[SourceVersionDate "2008.11.26"]
[SourceQuality "1"]

1. Nf3 c5 2. c4 Nc6 3. Nc3 g6 4. g3 Bg7 5. Bg2 e6 6. 0-0 Nge7 7. d4 Nxd4 8. Nxd4 cxd4 9. Nb5 d5 10. cxd5 Nxd5 11. Nxd4 0-0 12. Nb3 b6 13. Bxd5 exd5 14. Nd4 h5 15. Be3 Re8 16. Qd2 Qe7 17. Rfd1 Qe4 18. Nf3 Bb7 19. Nd4 Rac8 20. Rac1 h4 21. Rxc8 Rxc8 22. f3 Qe7 23. Bh6 Ba6 24. Bxg7 Kxg7 25. Qf4 hxg3 26. hxg3 Qf6 27. Qxf6+ Kxf6 28. f4 Bc4 29. Kf2 a5 30. Rc1 Ke7 31. b3 Ba6 32. Rxc8 Bxc8 33. Ke3 Kd6 34. Kd3 Kc5 35. a3 b5 36. e3 b4 37. axb4+ axb4 38. Nf3 Bf5+ 39. Kd2 f6 40. Nd4 Bg4 41. Ke1 Kb6 42. Kf1 Kc5 43. Kf2 Bd1 44. Kg1 Bxb3 45. Nxb3+ Kc4 46. Na5+ Kc3 47. Kf2 b3 48. Nxb3 Kxb3 49. g4 f5 50. Kg3 Kc3 51. gxf5 gxf5 52. Kh4 Kd3 53. Kg5 Kxe3 54. Kxf5 d4 55. Kg5 d3 56. f5 d2 57. f6 d1Q 58. Kg6 Qg4+ 59. Kh6 0-1

[Event "Izmailov Memorial op 11th"]
[Site "Tomsk"]
[Date "2007.??.??"]
[Round "?"]
[White "Kalashnikov, Konstantin"]
[Black "Davidov, Roman"]
[Result "1-0"]
[WhiteElo "2384"]
[BlackElo "2261"]
[PlyCount "57"]
[EventDate "2007.06.25"]
[EventType "swiss"]
[EventRounds "9"]
[EventCountry "RUS"]
[SourceTitle "EXT 2008"]
[Source "ChessBase"]
[SourceDate "2007.11.25"]
[SourceVersion "1"]
[SourceVersionDate "2007.11.25"]
[SourceQuality "1"]

1. d4 Nf6 2. Nf3 c5 3. d5 b5 4. c4 bxc4 5. Nc3 g6 6. e4 d6 7. Bxc4 Bg7 8. h3 0-0 9. 0-0 Ba6 10. Bxa6 Nxa6 11. Bf4 Nd7 12. Qd2 Rb8 13. Bh6 Qa5 14. Bxg7 Kxg7 15. Rfe1 Rb7 16. e5 Rfb8 17. b3 dxe5 18. Nxe5 Nxe5 19. Rxe5 Rd7 20. Rae1 Rbb7 21. R1e4 f6 22. Rh4 h5 23. Rexh5 gxh5 24. Rxh5 Rd6 25. Qh6+ Kf7 26. Qh8 Qxc3 27. Rh7+ Kg6 28. Qg7+ Kf5 29. Qg4+ 1-0

[Event "RUS-chT2 13th"]
[Site "Sochi"]
[Date "2006.04.25"]
[Round "6"]
[White "Shuraev, Andrei"]
[Black "Davidov, Roman"]
[Result "1/2-1/2"]
[WhiteElo "2390"]
[BlackElo "2267"]
[PlyCount "136"]
[EventDate "2006.04.20"]
[EventType "team"]
[EventRounds "11"]
[EventCountry "RUS"]
[SourceTitle "EXT 2007"]
[Source "ChessBase"]
[SourceDate "2006.11.23"]
[SourceVersion "1"]
[SourceVersionDate "2006.11.23"]
[SourceQuality "1"]

1. c4 c5 2. Nc3 Nc6 3. g3 g6 4. Bg2 Bg7 5. Nf3 e6 6. d4 Nxd4 7. Nxd4 cxd4 8. Ne4 Ne7 9. Nd6+ Kf8 10. Nxb7 Bxb7 11. Bxb7 Rb8 12. Bg2 h6 13. 0-0 Kg8 14. b3 Kh7 15. Bb2 Qb6 16. Qd2 Rhd8 17. Rfd1 Nc6 18. Rac1 Qa6 19. Ba1 d5 20. cxd5 exd5 21. Rc5 Nb4 22. Bxd4 Bxd4 23. Qxd4 Qxa2 24. Rc7 Kg8 25. Qf6 Rf8 26. Ra1 Qxb3 27. Raxa7 Qb1+ 28. Bf1 Qf5 29. Qxf5 gxf5 30. Bh3 Kg7 31. Bxf5 Kf6 32. g4 Rb6 33. Kg2 Nc6 34. Ra3 Nd4 35. Bd3 Ne6 36. Rd7 Rd8 37. Rxd8 Nxd8 38. f4 Ne6 39. Kg3 Rc6 40. h4 Nc5 41. g5+ Kg7 42. f5 Nxd3 43. Rxd3 Rc2 44. e3 Re2 45. Kf3 Rh2 46. Kg4 Rg2+ 47. Kh5 hxg5 48. hxg5 f6 49. Rxd5 Rxg5+ 50. Kh4 Kf7 51. e4 Rg1 52. Rd7+ Ke8 53. Ra7 Kf8 54. Kh5 Rg5+ 55. Kh6 Rg4 56. Ra4 Kf7 57. Kh5 Rg5+ 58. Kh4 Rg1 59. Rb4 Rg2 60. Rb7+ Kf8 61. Rb3 Ke7 62. Rg3 Re2 63. Rg4 Kd6 64. Kh5 Ke5 65. Kg6 Re1 66. Rh4 Rg1+ 67. Kf7 Re1 68. Rg4 Re2 1/2-1/2

[Event "Tomsk-ch"]
[Site "Tomsk"]
[Date "2006.??.??"]
[Round "?"]
[White "Arishin, Sergei"]
[Black "Davidov, Roman"]
[Result "1/2-1/2"]
[WhiteElo "2200"]
[BlackElo "2280"]
[PlyCount "116"]
[EventDate "2006.06.??"]
[EventType "tourn"]
[EventRounds "9"]
[EventCountry "RUS"]
[EventCategory "3"]
[SourceTitle "EXT 2008"]
[Source "ChessBase"]
[SourceDate "2007.11.25"]
[SourceVersion "1"]
[SourceVersionDate "2007.11.25"]
[SourceQuality "1"]

1. d4 c5 2. d5 Nf6 3. Nf3 e6 4. c4 exd5 5. cxd5 d6 6. Nc3 Be7 7. e4 0-0 8. h3 Na6 9. Bd3 Nc7 10. a4 b6 11. 0-0 Re8 12. Re1 a6 13. Bf4 h6 14. Bc4 Bb7 15. Ra3 Bf8 16. Rb3 b5 17. axb5 axb5 18. Nxb5 Nxe4 19. Qd3 Nf6 20. Rxe8 Ncxe8 21. Nc3 Bc8 22. Bb5 Nc7 23. Bc6 Ra1+ 24. Kh2 Ba6 25. Qd2 Na8 26. Ra3 Rxa3 27. bxa3 Nb6 28. Qc2 Bc4 29. Qd2 Qb8 30. Ne1 Qa7 31. Nc2 Qa5 32. Ne3 Qxa3 33. Nf5 Qb4 34. Bxd6 Nbxd5 35. Be5 Nxc3 36. Qxc3 Qxc3 37. Bxc3 Be6 38. Nxh6+ Kh7 39. Bxf6 Kxh6 40. Bc3 g5 41. g3 Bg7 42. Bd2 Kg6 43. Kg2 c4 44. Be4+ Bf5 45. Kf3 Bb2 46. Be3 c3 47. Bd4 Ba1 48. Be3 Kf6 49. Bxf5 Kxf5 50. Ke2 c2 51. Kd3 f6 52. f3 Be5 53. g4+ Kg6 54. Kxc2 f5 55. Kd3 fxg4 56. hxg4 Bd6 57. Ke4 Bb8 58. Bd4 Bc7 1/2-1/2

[Event "Tomsk-ch"]
[Site "Tomsk"]
[Date "2006.??.??"]
[Round "?"]
[White "Davidov, Roman"]
[Black "Dmitrienko, Andrey"]
[Result "1/2-1/2"]
[WhiteElo "2280"]
[BlackElo "2295"]
[PlyCount "108"]
[EventDate "2006.06.??"]
[EventType "tourn"]
[EventRounds "9"]
[EventCountry "RUS"]
[EventCategory "3"]
[SourceTitle "EXT 2008"]
[Source "ChessBase"]
[SourceDate "2007.11.25"]
[SourceVersion "1"]
[SourceVersionDate "2007.11.25"]
[SourceQuality "1"]

1. Nf3 Nf6 2. c4 e6 3. g3 d5 4. Bg2 Be7 5. 0-0 0-0 6. b3 c5 7. cxd5 exd5 8. d4 Nc6 9. Bb2 Be6 10. Nc3 Rc8 11. dxc5 Bxc5 12. Nb5 Qe7 13. a3 Rfd8 14. Nbd4 Ne4 15. b4 Bb6 16. Rc1 Nd6 17. Qb3 Nc4 18. Rfd1 Nxb2 19. Qxb2 Qf6 20. Rb1 Nxd4 21. Nxd4 Rc4 22. e3 Rdc8 23. Nxe6 fxe6 24. Qe2 Rc2 25. Rd2 Qc3 26. Rxc2 Qxc2 27. Qxc2 Rxc2 28. a4 Kf7 29. a5 Bd8 30. e4 d4 31. e5 b6 32. Bf1 bxa5 33. bxa5 Bxa5 34. Rb7+ Rc7 35. Rxc7+ Bxc7 36. f4 g5 37. Kf2 gxf4 38. gxf4 Ba5 39. Bc4 Ke7 40. Kf3 Bd2 41. Ke4 Be3 42. Ba6 h6 43. h3 Bg1 44. Bb5 a5 45. Ba4 Bf2 46. Bb3 Be3 47. Ba4 Bd2 48. Bb3 Bc1 49. Ba4 d3 50. Kxd3 Bxf4 51. Ke4 Bg3 52. Bd1 Kd8 53. Bb3 Kd7 54. Ba4+ Ke7 1/2-1/2

[Event "Tomsk-ch"]
[Site "Tomsk"]
[Date "2006.??.??"]
[Round "?"]
[White "Shkurikhin, Ilia"]
[Black "Davidov, Roman"]
[Result "1-0"]
[WhiteElo "2305"]
[BlackElo "2280"]
[PlyCount "79"]
[EventDate "2006.06.??"]
[EventType "tourn"]
[EventRounds "9"]
[EventCountry "RUS"]
[EventCategory "3"]
[SourceTitle "EXT 2008"]
[Source "ChessBase"]
[SourceDate "2007.11.25"]
[SourceVersion "1"]
[SourceVersionDate "2007.11.25"]
[SourceQuality "1"]

1. d4 Nf6 2. Nf3 g6 3. c4 c5 4. d5 b5 5. Qc2 bxc4 6. e4 Bg7 7. Bxc4 d6 8. 0-0 0-0 9. h3 Nbd7 10. Nc3 Nb6 11. Be2 Rb8 12. Be3 Ne8 13. Bf4 Nc7 14. Rad1 Ba6 15. e5 Nc4 16. Bxc4 Bxc4 17. Rfe1 Rb4 18. Bg5 dxe5 19. d6 f6 20. dxc7 Qxc7 21. Be3 Rfb8 22. b3 Bf7 23. Nd5 Bxd5 24. Rxd5 c4 25. Rc1 e6 26. Rc5 cxb3 27. Rxc7 bxc2 28. R1xc2 e4 29. Nd2 f5 30. Rxa7 Be5 31. g3 Bd4 32. Bxd4 Rxd4 33. Nb3 Rd1+ 34. Kg2 g5 35. Rcc7 f4 36. Rg7+ Kh8 37. Rxh7+ Kg8 38. gxf4 gxf4 39. Rag7+ Kf8 40. Nc5 1-0